000
00268nam a22001097a 4500
020
_a
9788131706251
100
_a
Rajeev Bhargava (ed)
245
_a
political theory an introduction
260
_a
New Delhi
_b
Dorling Kindersley
_c
2008
300
_a
340p
942
_c
BK
999
_c
2681
_d
2681